00779 a2200193 45000010006000000050017000060080041000230030015000640400040000790800093001192450030002120200019002422500012002612640033002733000019003065050230003250410008005551000022005635536820260407155827.0260407a1986 arg spa dAR-UNSa-BCEJYS aAR-UNSa-BCEJYSbspacAR-UNSa-BCEJYS a340xDerecho. Generalidades. Propedéutica. Métodos y ciencias auxiliares del derecho10aIntroducción al derecho a950-5-20-060-9 a9a. ed. 1aBuenos Aires :bPerrotc1986 a804 p.c23 cm. a1. El derecho, la teoría de los objetos y la vida humana - 2. Los grados del conocimiento, la clasificación de las ciencias y las disciplinas jurídicas - 3. La abogacia. Vocación jurídica y ética profesional - 4.  aspa1 aTorré, Abelardo